000 00416nam a2200145 4500
001 140001
003 ES-MaACL
007 t|
008 070214s1912 gw r ||||1| ger d
100 1 _aSchott, Gerhard.
_9104671
245 1 0 _aGeographie des atlantischen oceans /
_cGerhard Schott.
260 _aHamburgh :
_bC. Boysen,
_c1912.
300 _aXII, 330 p., 1 lám ;
_c28 cm +
_e29 map.
852 _aES-MaACL
_jB-2954
999 _c140001
_d140001